000 00511nam a2200169 4500
008 180118b xxu||||| |||| 00| 0 eng d
020 _a0-395-26205-4
082 _21982
_aDC 910
_bG33
100 _925673
_aGetis, Arthur
245 _aGeography/
_cArthur Getis and Judith M. Getis
260 _aBoston:
_bHoughton Mifflin Company,
_c©1982.
300 _a576 pages:
_bcolor illustration;
_c©1982.
500 _aIncludes index.
650 0 _925674
_aGeography
700 _925675
_aGetis, Arthur
942 _2ddc
_cDC
999 _c8302
_d8302